<?xml version="1.0" encoding="UTF-8"?>
<collection xmlns="http://www.loc.gov/MARC21/slim">
  <record>
    <leader>00000nam  2200000   4500</leader>
    <controlfield tag="001">INLIS000000000020679</controlfield>
    <controlfield tag="005">20250729034114</controlfield>
    <datafield tag="035" ind1="#" ind2="#">
      <subfield code="a">0010-0725000209</subfield>
    </datafield>
    <controlfield tag="007">ta</controlfield>
    <controlfield tag="008">250729################|##########|#|##</controlfield>
    <datafield tag="084" ind1="#" ind2="#">
      <subfield code="a">R 0037 PKA 2024</subfield>
    </datafield>
    <datafield tag="100" ind1=" " ind2="#">
      <subfield code="a">Dwi Fajar David Nurcahya</subfield>
    </datafield>
    <datafield tag="245" ind1="1" ind2="#">
      <subfield code="a">Strategi Pengelolaan, Pengendalian, dan Pengamanan Aset Negara Melalui Tindakan Strategis untuk Meningkatkan Pemahaman dan Keterlibatan Stakeholder Terhadap Optimalisasi Aset Negara /</subfield>
      <subfield code="c">Dwi Fajar David Nurcahya</subfield>
    </datafield>
    <datafield tag="260" ind1="#" ind2="#">
      <subfield code="a">Jakarta :</subfield>
      <subfield code="b">Pusbangkom Pimnas dan Manajerial ASN,</subfield>
      <subfield code="c">2024</subfield>
    </datafield>
    <datafield tag="300" ind1="#" ind2="#">
      <subfield code="a">36 hlm. ;</subfield>
      <subfield code="c">30 cm</subfield>
    </datafield>
    <datafield tag="650" ind1="#" ind2="4">
      <subfield code="a">Pengamanan Aset Negara</subfield>
    </datafield>
    <datafield tag="520" ind1="#" ind2="#">
      <subfield code="a">Pengelolaan Barang Milik Negara (BMN) yang baik merupakan salah satu indikator efektivitas dan efisiensi penggunaan sumber daya publik. Pengelolaan BMN tersebut membutuhkan strategi yang bertujuan tidak hanya untuk menjaga barang, tetapi juga mencakup pengambilan  keputusan yang cerdas dan berkelanjutan. Penting bagi seluruh stakeholder bersikap proaktif dalam pengelolaan BMN sehingga pengelolaan BMN menjadi efektif dan efisien serta mengurangi resiko terjadinya permasalahan aset. Tujuan yang ingin dicapai dari aksi perubahan ini adalah tersusunnya Strategi PEngelolaan, Pengendalian, dan Pengamanan Aset di dukung oleh aplikasi yang terintegrasi dengan layanan pengelolaan BMN.</subfield>
    </datafield>
    <datafield tag="990" ind1="#" ind2="#">
      <subfield code="a">2024/1.2.3/A/0037</subfield>
    </datafield>
  </record>
</collection>
